000 00698nmm a2200277 a 4500
003 AR-BaBNM
005 20251128203128.0
008 087019s1982 ||||||||||||||000 | spa||
040 _cAR-BaBNM
100 1 _aSilberstein, Enrique
_d1920-1973
245 1 0 _aCuentos en Corrientes y Paraná
250 _a2ª ed.
260 _aBuenos Aires
_bEdiciones La Campana
_c1982
300 0 _a213 p.
650 4 _aLITERATURA ARGENTINA
650 4 _aHUMOR
650 4 _aESCRITORES
650 4 _aLITERATURA CONTEMPORANEA
653 0 _aNARRATIVA
653 0 _aTANGO
653 0 _aCUENTO POLICIAL
655 _aLITERATURA
700 1 _aCuña, Irma
_eprologuista
942 _cBK
998 _cMARTIN
999 _c2034
_d2034